| 000 | 00451nam a2200169Ia 4500 | ||
|---|---|---|---|
| 001 | 52973 | ||
| 008 | 161213s2005 ii g b000 u 465 u | ||
| 082 | _a297 | ||
| 100 | _aJashim, Mir . | ||
| 245 | 0 |
_aMy Hajj Journey to Mecca & Medina / _cMir Jashim. _hTextual Documents |
|
| 250 | _aIst ed / | ||
| 260 |
_aGuwahati : _bAman Udyog Pvt Ltd , _c2005. |
||
| 300 |
_a232p ; _c23cm. |
||
| 653 | _aHajj Journey | ||
| 653 | _aG-Religion | ||
| 942 |
_2ddc _cBK |
||
| 999 |
_c52936 _d52936 |
||